[Event "Match"]
[Site "Cuernavaca MEX"]
[Date "2004.12.14"]
[Round "6"]
[White "Karjakin, Sergey"]
[Black "Nakamura, Hikaru"]
[Result "0-1"]
[WhiteElo "2576"]
[BlackElo "2620"]
[Annotator "Ubilava, E"]
[PlyCount "114"]
[EventDate "2004.12.09"]
[Source "EDAMI"]
[SourceDate "2006.12.20"]

{El joven gran maestro estadounidense de origen japonés H.Nakamura, ha llamado
la atención del mundo ajedrecístico con sus éxitos recientes, especialmente
con la victoria en el campeonato de EE UU y posteriormente con un convincente
triunfo frente a S. Karjakin en un match de semirrápidas por 4,5 a 1,5. H.
Nakamura es un jugador con un estilo de juego en plena formación, aunque muy
atrevido y apasionado. Lógicamente, todavía tiene un repertorio corto, pero en
algunas partidas consigue realizar planes estratégicos profundos y atractivos.
He seleccionado dos de sus encuentros para que nuestros lectores juzguen por
si mismos la calidad de juego de este joven ajedrecista.} 1. e4 c5 2. Nf3 d6 3.
d4 cxd4 4. Nxd4 Nf6 5. Nc3 a6 6. Be3 e6 7. f3 b5 {Después de la partida entre
V. Kramnik y V.Topalov en Wijk aan Zee, este esquema se ha convertido en un
arma preferida por muchos jugadores.} 8. g4 b4 9. Nce2 ({
Con el rápido avance 8...b4 las negras prácticamente excluyen la posibilidad de
} 9. Na4 {en vista de} Bd7) 9... h6 10. c4 {Las blancas deben poner freno a la
posible ruptura central por medio de ...d5, pero la estructura que surge
después del avance del peón "c" prácticamente determina el plan estratégico de
las negras, que consiste en colocar uno de los caballos en c5 y presionar el
flanco de dama avanzando el peon "a" para provocar la apertura de esa columna.}
Nbd7 11. Qd2 Qc7 12. Rc1 (12. Qxb4 d5 13. Qa4 dxe4 {favorece a las negras.})
12... Nc5 13. Bg2 {Probablemente es mejor jugar directamente} (13. Ng3 {
colocando el alfil blanco en la casilla d3.}) 13... g6 14. Ng3 e5 15. Nde2 Be6
{Una rápida mirada es suficiente para comprobar que, mientras las piezas
blancas estan agrupadas sin demasiadas perspectivas , las negras tienen un
plan evidente en el flanco de dama.} 16. b3 $6 {Creo que era más eficaz jugar}
(16. h3 {preparando la ruptura f4}) 16... a5 17. h4 a4 18. Rb1 Nfd7 19. O-O Rb8
20. Rfc1 Be7 21. h5 {
Por fin las blancas provocan la debilidad de la casilla f5.} g5 22. Bf2 axb3
23. axb3 O-O 24. Nf1 {Para entrar con comodidad en f5 hay que colocar los
caballos en las casillas e3 y g3} Ra8 25. Ne3 Rfc8 {Prácticamente es la única
imprecisión que comete Nakamura en la partida. Habíaa que jugar directamente} (
25... Rfb8) 26. Ng3 Bf8 27. Bf1 Rcb8 28. Rc2 Ra3 29. Rcb2 Qa5 30. Ngf5 Bxf5 31.
Nxf5 {diagrama.} Ne6 $1 {Esta jugada demuestra la buena comprensión de la
posición por parte del joven americano. El peón d6 no pinta nada, lo que
importa es mantener encerrados los alfiles blancos y si desaparece el peón d6,
eso solo aumentará la movilidad de las piezas negras.} 32. Nxd6 Ndc5 33. Nb5
Rd8 34. Qc2 Ra1 35. Qc1 Rxb1 36. Qxb1 Rd7 {Las negras se convierten en las
dueñas de la posición porque controlan la columna "d" y sus caballos son
mejores que los alfiles blancos.} 37. Be3 Qd8 38. Rf2 Nf4 39. Qc2 Rd1 40. Rd2 {
Las blancas no pueden esperar más y quieren provocar cambios para aliviar la
presión} Rxd2 41. Qxd2 (41. Bxd2 Nxb3 {también es malo para S.Karjakin.}) 41...
Qxd2 42. Bxd2 Nxb3 43. Be3 Bc5 $1 {Ahora se comprende mejor que el peón d6
sólo era un obstáculo para el alfil negro. Después de este cambio, la ventaja
de las negras es decisiva.} 44. Kf2 Kf8 45. Bxc5+ Nxc5 46. Ke3 Nfe6 47. Be2 Ke7
48. Bd1 Kd7 49. Bc2 Nc7 $1 {
Un eslabón decisivo para convertir este final en una tarea técnica.} 50. Kd2
Kc6 51. Na7+ ({Después de} 51. Nxc7 Kxc7 {el rey negro se desplaza fácilmente
hasta c5, colocando el caballo en d4, tras lo cual las negras ganaran
avanzando el peón "b".}) 51... Kb7 52. Nb5 Nxb5 53. cxb5 Kb6 54. Bd1 Kxb5 55.
Be2+ Ka4 56. Bc4 f6 57. Kc2 Ka3 0-1

[Event "XIV It"]
[Site "Pamplona ESP"]
[Date "2004.12.22"]
[Round "1"]
[White "Gelfand, Boris"]
[Black "Sutovsky, Emil"]
[Result "1-0"]
[WhiteElo "2693"]
[BlackElo "2697"]
[Annotator "Ubilava, E"]
[PlyCount "77"]
[EventDate "2004.12.22"]
[EventCountry "EST"]
[Source "EDAMI"]
[SourceDate "2006.12.20"]

{El enfrentamiento entre los dos jugadores israelíes se produjo en la primera
ronda de este torneo navideño, y con tremendas ganas por ambos jugadores de
imponer su concepto de la verdad ante su adversario. Y no es para menos,
porque el sacrificio del peón central por parte de las blancas y la posterior
llegada del caballo negro a la casilla d3 a cambio del peón c7, siembran
bastantes dudas en la visión estratégica que ofrece B.Gelfand sobre la
posición. Pero las cosas son mucho mas complejas de lo que aparentan, porque a
cambio, las blancas bloequean muy cómodamente los peones doblados "e",
desactivan una de las piezas clave de las negras, el alfil en g7 y consiguen
debilitar las casillas blancas sustancialmente. Como podemos evaluar la vision
de las blancas es conceptual y como mínimo ofrece interes para seguir
investigando en esa direccion. En el medio juego B.Gelfand crea peon pasado
"a" y termina partiida con elegante ataque por las casillas blancas.} 1. d4 Nf6
2. c4 g6 3. Nc3 Bg7 {Sutovsky declina jugar su apertura preferida, la defensa
Grunfeld, seguramente porque enfrente tiene a uno de los mejores (si no el
mejor) especialistas contra esa defensa, con sus profundas y extraordinarias
investigaciones en la variante 8.Rb1} 4. e4 d6 5. Be2 O-O 6. Nf3 e5 7. Be3 h6
8. O-O Ng4 9. Bc1 Nd7 ({La continuación} 9... Nc6 {es una alternativa}) 10. d5
Ngf6 ({Es curioso que después de} 10... f5 11. g3 fxe4 12. Nh4 g5 13. Ng6 Nxf2
14. Rxf2 Rxf2 15. Kxf2 Qf6+ 16. Kg1 Qxg6 17. Nb5 Nc5 18. Nxc7 Rb8 19. Be3 b6 {
surge la misma posición que en la partida, pero aún es más curioso que la
primera vez que esa posición se dio, fuera en una partida entre dosaficionados
Hedman E. -Wegener D. Budapest 1993.}) 11. Be3 Ng4 12. Bd2 f5 13. g3 fxe4 14.
Nh4 g5 15. Ng6 {diagrama.} Nxf2 $5 {
Este golpe es conocido, pero no por ello es menos vistoso.} 16. Rxf2 ({
También es interesante la secuencia} 16. Qc2 Rf6 17. Bh5 Nf8 18. Rxf2 Rxf2 19.
Kxf2 Nxg6 20. Kg1 Ne7 21. g4 {con compensación.}) 16... Rxf2 17. Kxf2 Qf6+ 18.
Kg1 Qxg6 19. Nb5 Nc5 ({Es engañosa la variante} 19... c6 $6 20. dxc6 bxc6 {por}
21. Be3 $1 {y si} d5 22. Nc7 Rb8 {
las blancas consiguen una tremenda compensación con} 23. cxd5 Rxb2 24. dxc6
Qxc6 25. Rc1 {y será muy complicado para las negras "salvar el pellejo".}) 20.
Nxc7 Rb8 21. Be3 b6 22. Nb5 ({En la mencionada partida entre Hedman y Wegener
las blancas regalaron un tiempo valioso a su rival} 22. Bh5 $2 Qf5 23. Be2 {
y despues de} Bd7 {las negras consiguieron buena posición.}) 22... Nd3 ({
Por supuesto que las negras pueden mantener su peón "a" jugando} 22... a6 {
y seguir la variante} 23. Na7 Bh3 24. Nc6 Rb7 25. Bg4 Bxg4 26. Qxg4 Rf7 {
pero después de} 27. b4 {la presión de las blancas en el flanco de dama me
parece más importante que las posibles amenazas que pueden crear las negras,
aún más si ni siquiera puedo detectarlas.}) 23. Nxa7 Nxb2 ({
no me convence la continuacion} 23... Bh3 24. Nc6 Rb7 25. b4 Nf4 26. Bg4 h5 27.
Bxh3 Nxh3+ 28. Kg2 Nf4+ 29. Kh1 {y que pueden hacer las negras?}) 24. Qd2 ({
me seduce mas la salida} 24. Qb3 $5 Nd3 25. Nxc8 Rxc8 26. Bg4 Rb8 27. Rf1 {
con clara ventaja.}) 24... Nd3 25. Nxc8 Rxc8 26. Bxb6 {
La eleccion de Gelfand es mucho mas concreta, quieren crear peon pasado "a".}
Rxc4 27. a4 Qe8 ({
El peon pasado se convierte en una pesadilla para Sutovsky, no vale} 27... Rb4
28. a5 Rb2 29. Qd1 Qf7 30. a6 Qxd5 31. a7 Qa8 32. Be3 d5 33. Rb1 {
y las blancas ganan.}) ({probablemente en caso de} 27... Qf7 {
hay que seguir el camino mas energico} 28. a5 $5 (28. Bxd3 exd3 29. Qxd3 Rb4
30. Rf1 Qe8 31. a5 e4 32. Qc2 Bd4+ {otorga las posibilidades de contra juego.})
28... Qxd5 29. a6 Rc8 30. a7 Qb7 31. Be3 d5 32. Bg4 Ra8 33. Be6+ Kh8 34. Qa5 {
con amenazas fatales para las negras}) 28. a5 Ra4 ({En caso de} 28... Qb5 {
las blancas pueden mantener la presion con} 29. Bg4) 29. Qd1 $1 Rxa1 30. Qxa1
Qb5 31. Be3 Qb3 ({la variante} 31... Qxd5 32. a6 Qa8 33. a7 {
no tiene una larga vida para las negras.}) 32. Bd1 Qb4 33. Bg4 Nc5 {Diagrama.}
34. a6 $1 {la combinacion final es elegante y termina con mate.} Nxa6 (34...
Nb3 35. a7 Nxa1 36. a8=Q+ {tambien terminara con mate.}) 35. Qxa6 Qe1+ 36. Kg2
Qxe3 37. Be6+ {el rey negro no tiene escapatoria.} Kh7 38. Bf5+ Kg8 39. Qc8+ {
es facil de ver como rematan las blancas.} 1-0

[Event "XIV It"]
[Site "Pamplona ESP"]
[Date "2004.12.24"]
[Round "3"]
[White "Gelfand, Boris"]
[Black "Naiditsch, Arkadij"]
[Result "1-0"]
[WhiteElo "2693"]
[BlackElo "2611"]
[Annotator "Ubilava, E"]
[PlyCount "67"]
[EventDate "2004.12.22"]
[EventCountry "EST"]
[Source "EDAMI"]
[SourceDate "2006.12.20"]

{B.Gelfand con blancas es un adversario muy peligroso en primer lugar por su
repertorio. Tiene armas bien profundizadas contra diferentes aperturas como
defensa Grunfeld, india de rey o nimzo-india. En este encuentro, en una de las
variantes de nimzo-india, tambien ofrece un plan muy agresivo que en muy pocas
jugadas se convierte letal para su rival.} 1. d4 Nf6 2. c4 e6 3. Nf3 b6 4. Nc3
{Normalmente B.Gelfand utiliza la jugada} (4. a3 {
pero esta vez elige otro orden quizas para evitar la salida} Ba6) 4... Bb7 5.
a3 d5 6. cxd5 Nxd5 7. Qc2 Be7 8. e4 Nxc3 9. bxc3 O-O 10. Bd3 c5 11. O-O cxd4
12. cxd4 Nc6 ({el plan} 12... Qc8 13. Qe2 Ba6 {aun esta vigente.}) 13. Bb2 Rc8
14. Qe2 Na5 15. Rad1 Re8 {diagrama.} 16. Ne5 $1 {Esta jugada la utilizó por
primera vez mi compatriota I.Efimov (actualmente reside en Italia) en 1985,
pero su idea quedó durante veinte años sin que nadie la utilizara otra vez,
hasta la presente ocasión.} Bf8 ({Para averiguar que el salto del caballo
blanco funciona, comprobamos la reacción inmediata de las negras con} 16... Nc6
17. Nxf7 $1 {es la justificación táctica de la jugada 16.} Kxf7 18. d5 Na5 19.
dxe6+ Kg8 20. Qh5 Rf8 21. e5 g6 22. Bxg6 {y las blancas ganan.}) ({
En la mencionada partida de I.Efimov, las negras siguieron directamente} 16...
f6 17. Ng4 Bf8 18. Ne3 Qe7 19. e5 fxe5 20. dxe5 Qh4 21. Bb5 Bc6 22. Bxc6 Rxc6
23. Rd7 Re7 24. Rd4 Qg5 25. f4 Qg6 26. f5 exf5 27. Nxf5 Rf7 28. Rdf4 {
con ventaja para las blancas, Efimov I.-Mokry K. Bohemians Prague 1985.}) 17.
f4 f6 18. Ng4 Re7 $2 {Una reacción sin mucho sentido. Posteriormente las
negras no han podido vincular nungún plan defensivo serio, con esa salida de
torre. Creo que había que intentar bloquear la posición por medio de} (18... f5
$5 19. exf5 ({en caso de} 19. Ne5 fxe4 20. Bxe4 Bxe4 21. Qxe4 Qd5 {
las negras consiguen buena posición.}) 19... exf5 20. Ne5 Qf6 21. Ba6 ({
no funciona} 21. d5 {por} Bxd5 22. Bb5 Bc4 23. Nxc4 Rxe2 24. Bxf6 Nxc4) 21...
Bxa6 22. Qxa6 Rc2 23. Ba1 {y aunque las blancas tienen un magnífico caballo en
e5 y el peón pasado "d", la posición me parece muy viva y con posibilidades
para ambos bandos.}) 19. f5 Qe8 {diagrama.} ({casi no cambia nada} 19... exf5
20. Rxf5 Rec7 {por} 21. e5) 20. e5 $1 {Gelfand tiene clara superioridad en el
centro y ahora abre las líneas centrales agobiando a su rival.} exf5 21. Bxf5
fxe5 (21... Rd8 22. Qd3 {pierde inmediatamente.}) 22. Bxc8 {
Las blancas ganan la calidad y mantienen la presión en todo el tablero.} Qxc8 (
{no vale} 22... exd4 {por} 23. Nh6+ $1 gxh6 24. Qg4+ Bg7 25. Bxb7 Nxb7 26. Bxd4
) 23. Rc1 $1 Qe8 24. Bc3 Re6 {
Las negras no pueden defender la posición después de} (24... exd4 25. Qa2+ Kh8
26. Bxd4) 25. Nxe5 Bxa3 {
Por supuesto que el jugador alemán comprende muy bien que siguiendo la variante
} (25... Nc6 26. Qa2 Nxe5 27. dxe5 {no podría aguantar mucho.}) 26. Ra1 Bd6 27.
Qa2 Bxe5 28. dxe5 h6 ({La posición después de} 28... Nc6 29. Rad1 Bc8 30. Rd6
h6 31. Qd5 Kh7 {sólo permite una resistencia testimonial, porque las negras
casi no tienen jugadas.}) 29. Bxa5 bxa5 30. Rab1 Bc8 31. Rb8 Qc6 32. Qa3 Re8
33. Rc1 Qd7 34. Qd6 1-0

[Event "Bermuda"]
[Site "?"]
[Date "2005.02.05"]
[Round "6"]
[White "Volokitin, Andrei"]
[Black "Dominguez, Lenier"]
[Result "0-1"]
[WhiteElo "2685"]
[BlackElo "2661"]
[Annotator "Rodríguez, Am"]
[PlyCount "94"]
[EventDate "2005.??.??"]
[Source "EDAMI"]
[SourceDate "2006.12.20"]

{?Quién dice que la Petrov es aburrida? Ciertamente la interpretación que
muchos jugadores le dan suele desembocar en rápidos empates decepcionantes,
pero si dos jugadores jóvenes y combativos se enfrentan, la Petrov puede dar
también partidas muy excitantes.} 1. e4 e5 2. Nf3 Nf6 3. Nxe5 d6 4. Nf3 Nxe4 5.
d4 d5 6. Bd3 Nc6 7. O-O Be7 8. Re1 Bg4 9. c3 f5 10. Nbd2 O-O 11. Qb3 {
Las blancas han elegido una de las líneas más candentes y desde temprano se
presagia tormenta.} Na5 12. Qc2 Bd6 $5 {Una jugada relativamente nueva, en una
posición en que casi todos regresan con el caballo a c6 ó aprovechan para
adelantar el peón a c5.} 13. Ne5 {Una lógica novedad, invadiendo en e5 cuando
el caballo negro se ha desplazado a a5. Se conocían sólo dos partidas jugadas
el pasado año en las cuales las blancas no lograron sacar nada de la apertura.}
(13. b4 Bxf3 14. Nxf3 Nc4 15. Bxc4 (15. a4 Qf6 16. Qb3 Qf7 17. Ra2 Rae8 18.
Rae2 c6 {Adams,M-Nielsen,P/playchess.com  2004}) 15... dxc4 16. Be3 Re8 17.
Rad1 Qf6 18. Ne5 Bxe5 19. dxe5 Qxe5 20. Bd4 Qb5 {Anand,V-Gelfand,B/Moscú 2004})
13... Bxe5 14. dxe5 Qh4 15. Nf1 {También podía defenderse el peón con 15.Rf1
(que priva a las piezas menores blancas de una útil casilla), 15.g3
(debilitando mucho el flanco rey)  y 15.Cb3 (que parece razonable). La jugada
del texto mantiene al caballo cerca del rey por lo cual muy posiblemente es la
mejor de todas las opciones.} Nc6 16. Bf4 Rae8 17. f3 $6 {Innecesariamiente,
las blancas provocan un sacrificio que tiene toda la pinta de ser bueno para
su rival.} ({Mucho más sutil y peligrosa era:} 17. Ne3 $5 Nxe5 ({
Menos emprendedora es} 17... Ne7 18. Nxg4 Qxg4 19. Be3 {con idea de f3}) 18.
Nxg4 {Presiento que las negras gastarían bastante tiempo aquí porque pueden
realizar 4 capturas diferentes y casi todas ellas llevan al sacrificio de una
pieza.} Qxg4 (18... Nxg4 19. f3 Ne5 (19... Ngf2 20. Bg3 Nh3+ 21. gxh3 Nxg3 22.
Rxe8 Rxe8 23. hxg3 Qxg3+ 24. Qg2 $16) 20. Bxe5 Rxe5 21. Bf1) (18... fxg4 $6 19.
Bxe4 $1 dxe4 20. Rxe4 $16) (18... Nxd3 $6 19. Qxd3 $16) 19. Bxe5 Rxe5 20. f3
Qg5 21. fxe4 (21. Bf1 $2 Nd2 $17) 21... fxe4 22. Bf1 {y las negras con la gran
movilidad de sus piezas mayores y dos peones pueden buscar mucho juego aunque
no está claro que llegue a ser suficiente por la pieza.}) 17... Bxf3 18. Bg3 (
18. gxf3 $2 Qxf4 19. fxe4 Nxe5 $1 {sería excelente para las negras}) 18... Nxg3
19. hxg3 Qh5 20. gxf3 Nxe5 21. Be2 f4 $1 {
Manteniendo las damas para continuar el ataque. Después de} (21... Nxf3+ 22.
Bxf3 Qxf3 23. Qd1 {
sería obligado entrar en un final con ligerísima ventaja blanca.}) 22. g4 Qg5
$6 {Una jugada sorprendente. En algo habrá pensado Domínguez porque tanto 22...
Qh3 como 22...Qh4 parecían más peligrosas.} 23. Qd2 c6 24. Nh2 h5 25. Rf1 hxg4
26. Nxg4 Qh4 $1 27. Nh2 $2 {Después de este pasivo retroceso, el caballo queda
fuera de juego y asediado por la artillería pesada de las negras. No era del
todo claro que el ataque negro pudiera prosperar después de} (27. Rf2 {
También 27.Bd1!?} Nxg4 28. fxg4 Re3 29. Bf3 {ó 29.Rh2 aunque las blancas sólo
aspiran a aguantar y nunca pueden pretender causar peligro a ru rival.}) 27...
Rf6 $1 28. Rf2 ({Era también insuficiente} 28. Qd4 {por} Ree6 29. Rf2 (29. Qf2
Qg3+ $1) 29... Rg6+ 30. Kh1 Qg3 $17 {
con la peculiar amenaza 31...Rg5 y 32...Reg6}) 28... Rg6+ 29. Rg2 Ree6 $1 {
A estas alturas es fácil darse cuenta de que el ataque es irresistible.} 30.
Rf1 $6 Rxg2+ 31. Kxg2 Rh6 32. Rh1 Qg3+ 33. Kf1 Rxh2 34. Rxh2 Qxh2 35. Qd4 Qh3+
36. Ke1 Nxf3+ 37. Bxf3 Qxf3 38. Qxa7 Qe3+ 39. Qxe3 fxe3 40. Ke2 Kf7 41. Kxe3 g5
42. a4 Kf6 43. a5 Ke5 44. Kf3 Kf5 45. Ke3 g4 46. Kd4 g3 47. Ke3 Kg4 0-1

[Event "Bermuda"]
[Site "?"]
[Date "2005.02.07"]
[Round "8"]
[White "Gelfand, Boris"]
[Black "Harikrishna, Penteala"]
[Result "1-0"]
[WhiteElo "2696"]
[BlackElo "2632"]
[Annotator "Rodríguez, Am"]
[PlyCount "75"]
[EventDate "2005.??.??"]
[Source "EDAMI"]
[SourceDate "2006.12.20"]

{La presente partida estuvo a punto de decidir el torneo cuando Gelfand
derrotó a Harikrishna en la 7ma ronda para irse un punto completo por delante,
pero el indio no se amilanó volvió a dar alcance a Gelfand al derrotar a
Domínguez y Macieja en las dos últimas rondas.    Fue este un duelo teórico
importante, en una variante cuyas sutilezas son ciertamente difíciles de
interpretar en cada momento y se requiere una gran comprensión de la posición
y una precisión increíble en el orden de movimientos.} 1. d4 Nf6 2. Nf3 e6 3.
c4 d5 4. g3 Be7 5. Bg2 O-O 6. O-O dxc4 7. Qc2 a6 8. Qxc4 b5 9. Qc2 Bb7 10. Bd2
Nbd7 ({Muy importante fue la partida entre Gelfand y Anand en la Olimpiada de
Calviá, que pese a concluir en un rápido empate registró lances de ataque y
contraataque.} 10... Ra7 11. Rc1 Be4 12. Qb3 Nbd7 13. Bb4 Bd5 14. Qa3 c5 15.
Bxc5 Nxc5 16. dxc5 Ne4 17. Ne1 Nxc5 18. Qe3 Bxg2 {Aquí se acordó el empate.
Aunque Anand jugó directamente 10...Ra7 esta partida tiene mucho parecido a la
que hoy nos ocupa.}) (10... Be4 {es la jugada más empleada y natural.}) 11. Ba5
Ra7 12. Rc1 Be4 13. Qb3 Qb8 {De idéntica forma había jugado Gelfand días antes
contra Vescovi en este mismo torneo.} 14. Qe3 $1 {Esta es la novedad que
preparó Gelfand después de aquella partida. El plan liberador de las negras
consiste en realizar la ruptura c7-c5, por ello las blancas ponen total
prioridad en evitarlo.} (14. Nbd2 Ba8 15. Bb4 $6 {Una idea similar a la que
empleó frente a Anand, aunque en aquella partida se había ahorrado el tiempo
de llevar el alfil a a5.} c5 $1 {
Las negras encuentran una forma muy activa de solucionar sus problemas.} 16.
Bxc5 Nxc5 17. dxc5 Rc8 18. Qa3 Rac7 19. b4 a5 20. Qxa5 Ra7 21. Qb6 Rb7 22. Qa5
Ra7 {1/2-1/2 Gelfand-Vescovi  2da ronda}) 14... b4 ({a} 14... c5 $2 {
sigue simplemente} 15. dxc5 {se amenaza b4 y también Nbd2-b3. El cambio de dos
piezas por la torre en c5 no sirve porque la dama regresa de nuevo a e3 y
protege c1.}) 15. Nbd2 Ba8 16. Nb3 Rc8 17. Rc2 {Gelfand ha controlado bien la
posición y se apresta a doblar torres para aumentar su presión sobre el punto
c7. Se aprecia que las negras no han logrado equilibrar el juego en la fase de
apertura.} Be4 {Un intento de evitar el doblaje de torres pero ...} 18. Ne5 $1
{las blancas lo consiguen por medio de este temático golpe táctico.} Bxg2 (
18... Bxc2 $2 19. Nc6) 19. Nxd7 Nxd7 {
Las negras no podían sacar provecho del intento de mantener el alfil en juego}
(19... Qa8 20. Nxf6+ Bxf6 21. Bxb4) (19... Qb7 20. Nxf6+ (20. Ndc5 $5) 20...
Bxf6 21. Rac1 Bh3 22. f3 Qb8 23. Rc4) 20. Kxg2 Qb5 21. Rac1 {Da la impresión
de que las negras no han cometido ningún error pero están sometidas a una
presión de la cual no pueden escapar} c6 22. Qf3 Nb8 (22... c5 23. dxc5 Nxc5
24. Rc4) 23. Rc4 Rd7 24. e3 h6 25. Qe2 Re8 26. Qe1 Qa4 {Las negras renuncian a
mantenerse al ritmo de su rival, sumidas en una defensa pasiva con 26...Rb7,
pero la posición que obtienen es todavía peor.} 27. Bxb4 Qxa2 28. Qc3 Bxb4 29.
Rxb4 c5 {Desesperación.} 30. dxc5 a5 31. Nxa5 {
Jugando sobre lo seguro, la partida está ya decidida.} ({Otras jugadas como} 
31. Rb6 {eran incluso más fuertes, con idea de cazar la dama negra con Ra1})
31... Qd5+ (31... Qxa5 $2 32. Rxb8) 32. e4 Qa8 33. c6 Rc7 34. Rc4 Na6 35. b4
Qb8 36. Nb7 Rxc6 37. Rxc6 Qxb7 38. Rc8 {Una de esas partidas de los grandes,
que hacen que una lección estratégica magistral parezca una cosa sencilla.} 1-0